FAO pesticide residues in food joint meeting on pesticide residues : Reports and evaluation 2001-2005

Na minha lista:
Detalhes bibliográficos
Formato: Livro
Idioma:Undetermined
Publicado em: FAO
Assuntos:
Tags: Adicionar Tag
Sem tags, seja o primeiro a adicionar uma tag!
Thư viện lưu trữ: Trung tâm Học liệu Trường Đại học Cần Thơ
LEADER 00469nam a2200145Ia 4500
001 CTU_121426
008 210402s9999 xx 000 0 und d
082 |a 363.7384 
082 |b F218 
245 0 |a FAO pesticide residues in food joint meeting on pesticide residues : 
245 0 |b Reports and evaluation 2001-2005 
260 |b FAO 
650 |a Food conservation,Pesticide residues in food 
904 |i M.Loan 
980 |a Trung tâm Học liệu Trường Đại học Cần Thơ